| 000 | 00537nam a22001457a 4500 | ||
|---|---|---|---|
| 999 |
_c130492 _d130492 |
||
| 008 | 201015b ||||| |||| 00| 0 eng d | ||
| 050 | _aRT81.5.D46 1996 | ||
| 100 |
_aDempsey, Patricia A. and Dempsey, Arthur A. _949842 |
||
| 245 |
_aNursing Research _btext and workbook _cPatricia A. Dempsey and Arthur D. Dempsey |
||
| 260 |
_aBoston _bLittle, Brown and Company _c1996 |
||
| 300 |
_axiii, 245p. ; _c23cm. |
||
| 650 |
_aNursing _xResearch _949843 |
||
| 650 |
_aNursing _xResearch _xProblems, exercises, etc. _949844 |
||
| 942 |
_2lcc _cMONOGRAPH |
||